Normal view
MARC view
Entry Personal Name
001 - CONTROL NUMBER
- control field: 48574
003 - CONTROL NUMBER IDENTIFIER
- control field: OSt
005 - DATE AND TIME OF LATEST TRANSACTION
- control field: 20160329131517.0
008 - FIXED-LENGTH DATA ELEMENTS
- fixed length control field: 160329|| aca||aabn | a|a d
040 ## - CATALOGING SOURCE
- Original cataloging agency: OSt
- Transcribing agency: OSt
100 ## - HEADING--PERSONAL NAME
- Personal name: धर्मपाल
670 ## - SOURCE DATA FOUND
- Source citation: Work cat.: (OSt)19998: धर्मपाल, भारत का स्वधर्म , 1994









